| 000 | 00455nam a2200169Ia 4500 | ||
|---|---|---|---|
| 003 | GCL | ||
| 008 | 140319s9999 xx 000 0 ara d | ||
| 040 |
_aGCL / _cGCL |
||
| 082 | 0 | 4 |
_aق _b932.02 _bن م |
| 245 | 1 | 0 | _aمحاضرات فى تاريخ مصر الفرعونية |
| 300 | _a197 ص | ||
| 490 |
_aكتاب _v0 |
||
| 650 | 0 | 4 | _aمصر القديمة |
| 650 | 0 | 4 | _aالفراعنة |
| 650 | 0 | 4 | _aالحضارة الفرعونية |
| 942 |
_2ddc _cBK |
||
| 999 |
_c43113 _d43113 |
||